Fr. Conceicao Rodrigues College of Engineering

Towers International Transistor Selector (Record no. 24958)

MARC details
000 -LEADER
fixed length control field 00324nam a2200145Ia 4500
082 ## - DEWEY DECIMAL CLASSIFICATION NUMBER
Classification number 621.381528
Item number TOW
100 ## - MAIN ENTRY--PERSONAL NAME
Personal name Tower/ T.D.
245 ## - TITLE STATEMENT
Title Towers International Transistor Selector
260 ## - PUBLICATION, DISTRIBUTION, ETC.
Name of publisher, distributor, etc. B.P.B.
Place of publication, distribution, etc. New york
Date of publication, distribution, etc. 1985
300 ## - PHYSICAL DESCRIPTION
Extent 379
546 ## - LANGUAGE NOTE
Language note ENGLISH
654 ## - SUBJECT ADDED ENTRY--FACETED TOPICAL TERMS
Focus term electronics
942 ## - ADDED ENTRY ELEMENTS (KOHA)
Koha item type BOOK
Holdings
Withdrawn status Lost status Damaged status Not for loan Collection Home library Current library Date acquired Total Checkouts Full call number Barcode Date last seen Price effective from Koha item type
        CRC Fr. Agnel's C.Rodrigues College of Engineering Fr. Agnel's C.Rodrigues College of Engineering 17/03/2023   621.381528 TOW 10661 17/03/2023 17/03/2023 BOOK